| 000 | 00820nam a2200217 i 4500 | ||
|---|---|---|---|
| 001 | 160604 | ||
| 003 | ES-MaACL | ||
| 005 | 20250803050544.0 | ||
| 008 | 010308m18661867it |||| | ita d | ||
| 040 |
_aCCPB | B _bspa _cCCPB | B |
||
| 100 | 1 |
_aNegri, Cristoforo. _9130432 |
|
| 245 | 1 | 3 |
_aLa storia politica dell'antichitĂ paragonata alla moderna / _cdi Negri Cristoforo. |
| 260 |
_aVenezia : _b[s.n.], _c1866-1867 ( _fStabilimento Tipografico Antonelli) |
||
| 300 |
_a3 v. (360 ; 354 ; 306 p.) ; _c19 cm. |
||
| 490 | 1 |
_aNuova collezione di opere storiche ; _v10-12 |
|
| 650 | 0 | 7 |
_aHistoria antigua _2embne _913385 |
| 651 | 4 |
_aRoma- _xPolĂtica y gobierno. _9137343 |
|
| 830 | 0 |
_aNuova collezione di opere storiche ; _v10-12 _9221512 |
|
| 852 |
_aES-MaACL _jG-10065-67 _z-- Enc. hol. |
||
| 999 |
_c160604 _d160604 |
||